000 00559nam a2200241Ia 4500
008 190123s9999 xx 000 0 und d
020 _a9780531217405
050 _bV946 2009
100 _aVon Finn, Denny
245 0 _aSprint cars /
245 0 _cby Denny Von Finn.
260 _aNew York, New York :
260 _bScholastic,
260 _c2009
300 _a24 pages :
300 _bcolored illustrations ;
300 _c23cm.
440 _aTorque.
500 _a570L
650 _aSprint cars.
700 _aSeries.
700 _aTitle.
999 _c360992
_d360992